| 000 | 00720nac a22001691u 4500 | ||
|---|---|---|---|
| 008 | 100810s1985 Sy||||| |||| 00| 0 ara d | ||
| 082 |
_a260 _bع ر ا |
||
| 100 |
_aعرابي، محمد غازي _917370 |
||
| 245 |
_aالنصوص: _bفي مصطلحات التصوف/ _cمحمد غازي عرابي |
||
| 260 |
_aدمشق: _bدار قتيبة،1985 _c1985 |
||
| 300 |
_a355 ص؛ _c22 سم |
||
| 511 | _aCatalogued by: Sara | ||
| 541 |
_a؛ ألف باء _c؛ شراء |
||
| 650 |
_aالتصوف الإسلامي _916733 |
||
| 942 |
_cBB _k260 ع ر ا _2ddc |
||
| 999 |
_c7455 _d7455 |
||